000 01167nam a22003377i 4500
003 EG-GICUC
005 20260121101554.0
008 251231s1996 fr a|||fr|||| 001 0 fre d
020 _a2200217277
040 _aEG-GiCUC
_bfre
_cEG-GiCUC
_dEG-GiCUC
_eRda
041 _afre
082 0 4 _221
_a341.3
_bCO . R
092 0 4 _221
099 _aLaw1 11 341.3 CO . R 6 ed - 1996
100 1 _aColard, Daniel
_eAuteur
245 1 4 _aLes Relations Internationales De 1945 À Nos Jours /
_cPar Daniel Colard ; Préf. Du Président Edgar Faure.
250 _a6e éd.
_brevue et augm
264 1 _aParis :
_bMasson & A. Colin,
_c1996.
300 _a414 pages :
_billustration ;
_c24 cm.
336 _2rda contenu
_a texte
337 _2rda medias
_aOrdinateur
338 _2 transporteur rda
_a Ressource en ligne
490 0 _aU. Droit ;
_v276.
504 _aInclude Bibliography and indexes.
546 _aTexte en français
650 1 4 _aRelations internationales
_xDroit international public
_y1945 à nos jours
700 1 _aFaure, Edger
_ePréfacier
856 4 0 _uhttps://fll.law.cu.edu.eg/fulltext/bks/B11-06729.pdf
905 _a75
942 _2ddc
_cBK
_e21
_n0
999 _c53401
_d53401